000 00617nam a2200217 a 4500
001 23241
003 CO-ViMGA
008 141112s2004 ck r 000 u spa d
020 _a9584209868
040 _aCO-ViMGA
_bspa
_cCO-ViMGA
082 _aCu863.42 C176s
100 1 _aCarpentier, Alejo
245 1 0 _aEl Siglo de las luces
260 _aColombia :
_bEspasa Calpe,
_c2002
300 _a417 p.
490 _aBiblioteca hispanoAméricana del siglo XX
650 1 4 _aCivilizacion - novela
_96584
650 1 4 _aCuba - vida social y costumbres - novela
_94250
650 1 4 _aNovela cubana
_92121
942 _2ddc
_cBK
999 _c11643
_d11643